| 000 | 00710nam a2200241 a 4500 | ||
|---|---|---|---|
| 001 | 2885801 | ||
| 003 | ARRUPE | ||
| 005 | 20211008100355.0 | ||
| 008 | 860523s1986 ilu b 000 0 eng | ||
| 010 | _a 86163647 | ||
| 020 |
_a0883471809 : _c$15.95 |
||
| 040 |
_aDLC _cDLC _dDLC |
||
| 050 | 0 | 0 |
_aBR115.C8 _bM265 1986 |
| 082 | 0 | 0 |
_a270.8/2 _219 |
| 100 | 1 |
_aMcKenzie, John L. _927979 |
|
| 245 | 1 | 4 |
_aThe civilization of Christianity / _cJohn L. McKenzie. |
| 260 |
_aChicago, Ill. : _bT. More Press, _cc1986. |
||
| 300 |
_a260 p. ; _c22 cm. |
||
| 504 | _aBibliography: p. 259-260. | ||
| 650 | 0 | _aChristianity and culture. | |
| 906 |
_a7 _bcbc _corignew _d2 _encip _f19 _gy-gencatlg |
||
| 942 |
_2lcc _cMONOGRAPH |
||
| 999 |
_c130731 _d130731 |
||